Qui a écris cet Opéra ? - Statistiques

Statistiques générales
  • Ce quiz a été pris 108 fois
  • Le résultat moyen est 43 sur 72
Statistiques - réponses
Pièce Compositeur % Correct
La Traviata Verdi
94%
Un Bal Masqué Verdi
94%
Aida Verdi
94%
Ottelo Verdi
94%
Don Carlo Verdi
94%
Il trovatore Verdi
94%
Rigoletto Verdi
94%
Tosca Puccini
93%
Turandot Puccini
93%
Manon Lescault Puccini
93%
Madame Butterfly Puccini
93%
La Bohème Puccini
93%
L'Enlèvement au sérail Mozart
89%
Don Giovanni Mozart
89%
La Flûte Enchantée Mozart
89%
Les noces de Figaro Mozart
89%
L'Anneau du Nibelung Wagner
86%
Lohengrin Wagner
86%
Le Vaisseau fantôme Wagner
86%
La Walkyrie Wagner
86%
Tristan et Iseult Wagner
86%
Carmen Bizet
85%
La Cenerentola Rossini
79%
Le Barbier de Séville Rossini
79%
L'Italienne à Alger Rossini
79%
Guillaume Tell Rossini
79%
Fidelio Beethoven
72%
Les Contes d'Hoffmann Offenbach
72%
Salomé Strauss
69%
Le Chevalier à la rose Strauss
69%
Norma Bellini
62%
La sonnambula Bellini
62%
La Damnation de Faust Berlioz
62%
Les Troyens Berlioz
62%
Faust Gounod
60%
Mireille Gounod
60%
Werther Massenet
59%
Thaïs Massenet
59%
Pelléas et Mélisande Debussy
58%
L'elisir d’amore Donizetti
57%
Lucia di Lammermoor Donizetti
57%
Ariodante Haendel
56%
Jules César en Égypte Haendel
56%
Alcina Haendel
56%
L'Enfant Et Les Sortilèges Ravel
54%
Lakmé Delibes
49%
L’Orfeo, favola in musica Monteverdi
49%
Eugène Onéguine Tchaïkovski
49%
Samson et Dalila Saint-Saëns
47%
Atys Lully
44%
Hippolyte et Aricie Rameau
44%
Dido and Æneas Purcell
43%
Dialogues des Carmélites Poulenc
40%
Rusalka Dvořák
38%
Orphée et Eurydice Gluck
38%
Der Freischütz Weber
38%
Wozzeck Berg
36%
Lulu Berg
36%
Einsten on the beach Glass
31%
Boris Godounov Moussorgski
30%
Peter Grimes Britten
28%
Nixon in China Adams
25%
Pagliacci Leoncavallo
25%
Cavalleria rusticana Mascagni
25%
La chauve-souris Strauss II
19%
Katja Kabanova Janáček
17%
La Wally Catalani
15%
Trois sœurs Eötvös
14%
Cyrano de Bergerac Alfano
12%
Les Soldats Zimmermann
7%
Written on Skin Benjamin
4%
L'Amour de loin Maalouf
2%
Aucun quiz correspondant
Distribution des résultats
% des personnes avec chaque résultat
Percentile par nombre de réponses
Votre historique - résultats
Vous n’avez pas pris ce quiz